Устав Морской О всем, что касается к доброму управлению в бытности флота на море (Запись № 1630508)

Подробности
000 -МАРКЕР
контрольное поле 01415nam0a2200325 4500
001 - ИДЕНТИФИКАТОР ЗАПИСИ
контрольное поле RU\NLR\bibl\283237
005 - ИДЕНТИФИКАТОР ВЕРСИИ
контрольное поле 20260407121911.0
010 ## - МЕЖДУНАРОДНЫЙ СТАНДАРТНЫЙ НОМЕР КНИГИ (ISBN)
Номер (ISBN) 5-85862-085-Х
Тираж 50000
035 ## - ДРУГИЕ СИСТЕМНЫЕ НОМЕРА
Идентификатор записи (NLR Aleph) 000278686
100 ## - ДАННЫЕ ОБЩЕЙ ОБРАБОТКИ
Данные общей обработки 20020703e19931763|||y0rusy50 ca
101 0# - ЯЗЫК РЕСУРСА
Язык текста, звукозаписи и т.д. русский
102 ## - СТРАНА ПУБЛИКАЦИИ ИЛИ ПРОИЗВОДСТВА
Страна публикации Российская Федерация
105 ## - ПОЛЕ КОДИРОВАННЫХ ДАННЫХ: ТЕКСТОВЫЕ МАТЕРИАЛЫ, МОНОГРАФИЧЕСКИЕ
Кодированные данные о монографическом текстовом документе a |||||||||
200 1# - ЗАГЛАВИЕ И СВЕДЕНИЯ ОБ ОТВЕТСТВЕННОСТИ
Основное заглавие Устав Морской О всем, что касается к доброму управлению в бытности флота на море
205 ## - СВЕДЕНИЯ ОБ ИЗДАНИИ
Сведения об издании [Репр. изд.]
210 ## - ПУБЛИКАЦИЯ, РАСПРОСТРАНЕНИЕ И ДР.
Место издания, распространения и т.д. М.
Имя издателя, распространителя и т. д. Новатор
-- Кренов К.В.
Дата издания, распространения и т.д. 1993
215 ## - ФИЗИЧЕСКАЯ ХАРАКТЕРИСТИКА
Специфическое обозначение материала и объем 318 с. разд. паг.
Размеры 27
300 ## - ОБЩИЕ ПРИМЕЧАНИЯ
Текст примечания На авантит.: 300-летию Рос. воен. флота посвящается
300 ## - ОБЩИЕ ПРИМЕЧАНИЯ
Текст примечания На тит. л. ориг. изд.: СПб., 1763
517 0# - ДРУГИЕ ВАРИАНТЫ ЗАГЛАВИЯ
Вариант заглавия О всем, что касается к доброму управлению в бытности флота на море
604 ## - ИМЯ И ЗАГЛАВИЕ КАК ПРЕДМЕТ
Связываемые данные 71001$aРоссия
-- 50011$aУстав морской$2nlr_sh2$3RU\NLR\AUTH\661326233
Имя лица Россия
Заглавие Устав морской
Системный номер авторитетной/нормативной записи 2207530
Идентификатор авторитетной/нормативной записи RU\NLR\AUTH\661326233
686 1# - ИНДЕКСЫ ДРУГИХ КЛАССИФИКАЦИЙ
Индекс Ц66,8(2)0-1
740 #1 - УСЛОВНОЕ НАИМЕНОВАНИЕ / ЗАГЛАВИЕ ДЛЯ ЗАКОНОДАТЕЛЬНЫХ И РЕЛИГИОЗНЫХ ТЕКСТОВ - ПЕРВИЧНАЯ ОТВЕТСТВЕННОСТЬ
Начальный элемент ввода Россия
Обозначение вида документа Военные уставы и наставления
Идентификатор авторитетной/нормативной записи RU\NLR\AUTH\889957977
-- 412039
801 #0 - ИСТОЧНИК ЗАПИСИ
Страна Российская Федерация
Организация NLR
Дата составления 20020703
Правила каталогизации PSBO
801 #1 - ИСТОЧНИК ЗАПИСИ
Страна Российская Федерация
Организация NLR
Дата составления 20020703
942 ## - ДОПОЛНИТЕЛЬНЫЕ ЭЛЕМЕНТЫ ЗАПИСИ (АБИС)
Тип экземпляра АБИС Книга
980 ## - КОЛЛЕКЦИЯ
Название коллекции Национальная библиография
Экземпляры
Тип экземпляра Дата поступления Источник поступления Библиотека постоянного хранения Библиотека текущего хранения Место хранения Шифр хранения Штрих-код Статус экземпляра Стоимость
Книга 05.05.2014   РНБ (Московский) РНБ (Московский) Фонд общего зала социально-экономической литературы С1 Ц66,8(2)/У-790 1-470842   3800.00
Книга 13.05.2022   РНБ (Московский) РНБ (Московский) Обменный фонд   1-3342208   300.00
Книга 03.07.2002 Дар РНБ (Садовая) РНБ (Садовая) Русский книжный фонд -Главное здание, Ленинский читальный зал МБР I-10180 294668    
Книга 03.07.2002 Дар РНБ (Садовая) РНБ (Садовая) Русский книжный фонд -Главное здание, Ленинский читальный зал МБР I-10180 294669